书目信息 |
| 题名: |
巴顿
|
|
| 作者: | 李乡状 编著 | |
| 分册: | ||
| 出版信息: | 长春 吉林大学出版社 2018重印 |
|
| 页数: | 391页 | |
| 开本: | 24cm | |
| 丛书名: | ||
| 单 册: | ||
| 中图分类: | K837.125.2 | |
| 科图分类: | ||
| 主题词: | 军事人物--jun shi ren wu--传遍--美国 | |
| 电子资源: | ||
| ISBN: | 978-7-5601-4681-2 | |
| 000 | 00857nam0 2200265 45 | |
| 001 | 012001010148 | |
| 005 | 20140102171337.0 | |
| 010 | @a978-7-5601-4681-2@dCNY58.00 | |
| 099 | @aCAL 012009189802 | |
| 100 | @a20091223d2009 em y0chiy50 ea | |
| 101 | 0 | @achi |
| 102 | @aCN@b220000 | |
| 105 | @aac z 000yb | |
| 106 | @ar | |
| 200 | 1 | @a巴顿@Aba dun@d= Badun@f李乡状等编著@zeng |
| 210 | @a长春@c吉林大学出版社@d2018重印 | |
| 215 | @a391页@c图, 肖像@d24cm | |
| 330 | @a本书在翔实的历史资料基础上,描述了巴顿在第二次世界大战中作为美军名将的生平历史。 | |
| 510 | 1 | @aBadun@zeng |
| 600 | 1 | @a巴顿@Aba dun@g(Patton, George Smith),@f1885-1945@x传记 |
| 606 | 0 | @a军事人物@Ajun shi ren wu@x传遍@y美国 |
| 690 | @aK837.125.2@v4 | |
| 701 | 0 | @a李乡状@Ali xiang zhuang@4编著 |
| 801 | 2 | @aCN@b上海新华@c20191020 |
| 905 | @b1135786-9@dK837.125.2@e1092@f4 | |
| 巴顿= Badun/李乡状等编著.-长春:吉林大学出版社,2018重印 |
| 391页:图, 肖像;24cm |
| ISBN 978-7-5601-4681-2:CNY58.00 |
| 本书在翔实的历史资料基础上,描述了巴顿在第二次世界大战中作为美军名将的生平历史。 |
| ● |
| 相关链接 |
|
|
|
|
正题名:巴顿
索取号:K837.125.2/1092
 
预约/预借
| 序号 | 登录号 | 条形码 | 馆藏地/架位号 | 状态 | 备注 |
| 1 | 1135786 | 211357869 | 第二样本阅览室/ [索取号:K837.125.2/1092] | 在馆 | |
| 2 | 1135787 | 211357878 | 第二借阅区/ [索取号:K837.125.2/1092] | 在馆 | |
| 3 | 1135788 | 211357887 | 第二借阅区/ [索取号:K837.125.2/1092] | 在馆 | |
| 4 | 1135789 | 211357896 | 第二借阅区/ [索取号:K837.125.2/1092] | 在馆 |